000 02004nam0a2200397 4500
001 RU\NLR\BIBL_A\012377377
005 20201105125134.0
010 _a978-5-98660-103-8
_9500
021 _aRU
_bКН-П-20-037842
_9КН-П-20-2867
035 _a(NLR Aleph) 012377377
035 _a(RuMoRGB)010373546
090 _a11607254
_c11607254
100 _a20201014d2020 k y0rusy50 ca
101 0 _arus
102 _aRU
105 _aa|||zzzz000zy
181 0 _ai
_baxxe
182 0 _an
200 1 _aТехнология возделывания многолетних трав на залежи дерново-подзолистой почвы
_e[монография]
_fКучер Д. Е., Семёнов Н. А., Пивень Е. А. [и др.]
_gФГАОУ ВО "Российский университет дружбы народов", ФНЦ "ВИК имени В. Р. Вильямса", ФГБНУ "Почвенный институт имени В. В. Докучаева"
203 _aТекст
_bвизуальный
_cнепосредственный
210 _aМосква
_c[б. и.]
_d2020
215 _a127 с.
_cил., табл.
_d29
320 _aБиблиогр.: с. 106-114 (118 назв.)
606 1 _aМноголетние травы
_xКультура на дерново-подзолистых почвах
_2nlr_sh2
_3RU\NLR\AUTH\6601677631
606 1 _aДревесно-кустарниковая биомасса
_xЗапашка на залежных землях
_2nlr_sh2
_3RU\NLR\AUTH\6601677634
686 1 _aП141.7
686 1 _aП223-43
686 1 _aП398.9
701 1 _aКучер
_bД. Е.
_gДмитрий Евгеньевич
701 1 _aСеменов
_bН. А.
_cд-р биол. наук
_gНиколай Афанасьевич
_3RU\NLR\AUTH\7787182
701 1 _aПивень
_bЕ. А.
_gЕлена Анатольевна
942 _cBOOK
980 _aNBR
980 _aNB